| 000 | 00805cam a22002533a 4500 | ||
|---|---|---|---|
| 001 | 42689 | ||
| 003 | PGUSA | ||
| 005 | 20140828083951.0 | ||
| 008 | 130511s2013||||xxu|||||s|||||000 1 eng d | ||
| 040 |
_aPGUSA _beng |
||
| 042 | _adc | ||
| 050 | 4 | _aPZ | |
| 100 | 1 |
_aWesterman, Percy F. _q(Percy Francis), _d1876-1959 |
|
| 245 | 1 | 4 |
_aThe Young Cavalier : _bA Story of the Civil Wars _h[electronic resource] / _cPercy F. Westerman |
| 260 |
_bProject Gutenberg, _c2013 |
||
| 506 | _aPublic domain in the USA. | ||
| 516 | _aElectronic text | ||
| 653 | _aGreat Britain -- History -- Civil War, 1642-1649 -- Juvenile fiction | ||
| 653 | _aAdventure stories | ||
| 700 | 1 |
_aBrowne, Gordon, _d1858-1932 |
|
| 830 | 0 |
_aProject Gutenberg _v42689 |
|
| 856 | 4 | 0 | _uhttp://www.gutenberg.org/ebooks/42689 |
| 942 | _cEB | ||
| 999 |
_c271941 _d271941 |
||